A to Z Blitz Quiz Stats

Quiz Updated Mar 19, 2012

Challenge
Share
Tweet
Embed
Score 0/32 Timer 04:00
0 Plays Today
% Correct
Seven Dwarfs
100%
Sleepy...
93.5%
Bashful...
93.2%
Dopey...
92.8%
Countries of South America
92.4%
Chile...
89.1%
Happy...
88.8%
Argentina...
86.8%
Peru...
84.2%
Grumpy...
83.3%
20th Century US President surnames
79.4%
Ecuador...
77.6%
Nixon...
74.1%
Roosevelt...
71.6%
Elements that occur as gases in nature
71.1%
Uruguay
68.7%
% Correct
Oxygen...
65%
Kennedy...
64.1%
Venezuela
62.9%
Ford...
61.9%
Truman...
60.2%
Words that make up the names of Canadian provinces and territories
57.6%
Johnson
50%
Xenon
45%
Wilson
42%
Quebec
39.1%
McKinley...
32.8%
Written-out whole numbers less than five
30.2%
Yukon
22.9%
Zero
17.5%
Island
16%
Labrador
11.5%

You're not logged in!

Compare scores with friends on all Sporcle quizzes.
Sign Up with Email
OR
Log In

You Might Also Like...

Show Comments

Extras

Top Quizzes Today


Score Distribution

Your Account Isn't Verified!

In order to create a playlist on Sporcle, you need to verify the email address you used during registration. Go to your Sporcle Settings to finish the process.